<?xml version="1.0" encoding="UTF-8"?>
<record
    xmlns:xsi="http://www.w3.org/2001/XMLSchema-instance"
    xsi:schemaLocation="http://www.loc.gov/MARC21/slim http://www.loc.gov/standards/marcxml/schema/MARC21slim.xsd"
    xmlns="http://www.loc.gov/MARC21/slim">

  <leader>01823nam2a2200313   4500</leader>
  <controlfield tag="001">RU\NLR\bibl\1094428</controlfield>
  <controlfield tag="005">20260407162826.0</controlfield>
  <datafield tag="010" ind1=" " ind2=" ">
    <subfield code="a">5-88719-076-0</subfield>
    <subfield code="9">250</subfield>
  </datafield>
  <datafield tag="021" ind1=" " ind2=" ">
    <subfield code="a">RU</subfield>
    <subfield code="b">2007-28787</subfield>
    <subfield code="9">1531</subfield>
  </datafield>
  <datafield tag="035" ind1=" " ind2=" ">
    <subfield code="a">(NLR Aleph) 001081549</subfield>
  </datafield>
  <datafield tag="090" ind1=" " ind2=" ">
    <subfield code="a">1061727</subfield>
    <subfield code="c">1061727</subfield>
  </datafield>
  <datafield tag="100" ind1=" " ind2=" ">
    <subfield code="a">20070604d2007    |||y0rusy50      ca</subfield>
  </datafield>
  <datafield tag="101" ind1="0" ind2=" ">
    <subfield code="a">rus</subfield>
    <subfield code="a">bak</subfield>
  </datafield>
  <datafield tag="102" ind1=" " ind2=" ">
    <subfield code="a">RU</subfield>
  </datafield>
  <datafield tag="105" ind1=" " ind2=" ">
    <subfield code="a">y   |||||||||</subfield>
  </datafield>
  <datafield tag="200" ind1="0" ind2=" ">
    <subfield code="a">&#x412;&#x44B;&#x43F;. 8</subfield>
    <subfield code="f">&#x41E;&#x442;&#x434;. &#x43E;&#x431;&#x440;&#x430;&#x437;&#x43E;&#x432;&#x430;&#x43D;&#x438;&#x44F; &#x410;&#x434;&#x43C;&#x438;&#x43D;&#x438;&#x441;&#x442;&#x440;&#x430;&#x446;&#x438;&#x438; &#x43C;&#x443;&#x43D;&#x438;&#x446;&#x438;&#x43F;. &#x440;-&#x43D;&#x430; &#x411;&#x435;&#x43B;&#x435;&#x431;&#x435;&#x435;&#x432;. &#x440;-&#x43D;</subfield>
    <subfield code="g">[&#x441;&#x43E;&#x441;&#x442;. - &#x414;.&#x421;. &#x410;&#x445;&#x43C;&#x435;&#x442;&#x437;&#x44F;&#x43D;&#x43E;&#x432; &#x438; &#x434;&#x440;.]</subfield>
  </datafield>
  <datafield tag="210" ind1=" " ind2=" ">
    <subfield code="d">2007</subfield>
    <subfield code="a">&#x411;. &#x43C;.</subfield>
  </datafield>
  <datafield tag="215" ind1=" " ind2=" ">
    <subfield code="a">95 &#x441;.</subfield>
  </datafield>
  <datafield tag="300" ind1=" " ind2=" ">
    <subfield code="a">&#x41D;&#x430; &#x442;&#x438;&#x442;. &#x43B;.: &#x424;&#x435;&#x441;&#x442;&#x438;&#x432;&#x430;&#x43B;&#x44E; &#x43F;&#x43E;&#x44D;&#x437;&#x438;&#x438; "&#x418;&#x43B;&#x445;&#x430;&#x43C; &#x448;&#x438;&#x448;&#x43C;&#x44D;&#x43B;&#x44D;&#x440;&#x435;-2007" ("&#x420;&#x43E;&#x434;&#x43D;&#x438;&#x43A;&#x438; &#x432;&#x434;&#x43E;&#x445;&#x43D;&#x43E;&#x432;&#x435;&#x43D;&#x438;&#x44F;-2007") &#x43F;&#x43E;&#x441;&#x432;&#x44F;&#x449;&#x430;&#x435;&#x442;&#x441;&#x44F;</subfield>
  </datafield>
  <datafield tag="300" ind1=" " ind2=" ">
    <subfield code="a">&#x427;&#x430;&#x441;&#x442;&#x44C; &#x442;&#x435;&#x43A;&#x441;&#x442;&#x430; &#x43D;&#x430; &#x431;&#x430;&#x448;&#x43A;. &#x44F;&#x437;.</subfield>
  </datafield>
  <datafield tag="461" ind1=" " ind2="0">
    <subfield code="1">001RU\NLR\bibl\541260</subfield>
    <subfield code="1">2001#$a&#x41F;&#x440;&#x43E;&#x431;&#x430; &#x43F;&#x435;&#x440;&#x430;$v&#x412;&#x44B;&#x43F;. 8</subfield>
    <subfield code="9">1368096</subfield>
    <subfield code="c">&#x411;&#x435;&#x43B;&#x435;&#x431;&#x435;&#x439;</subfield>
    <subfield code="d">2004</subfield>
    <subfield code="f">&#x41E;&#x442;&#x434;. &#x43E;&#x431;&#x440;&#x430;&#x437;&#x43E;&#x432;&#x430;&#x43D;&#x438;&#x44F; &#x430;&#x434;&#x43C;&#x438;&#x43D;&#x438;&#x441;&#x442;&#x440;&#x430;&#x446;&#x438;&#x438; &#x433;. &#x411;&#x435;&#x43B;&#x435;&#x431;&#x435;&#x44F; &#x438; &#x411;&#x435;&#x43B;&#x435;&#x431;&#x435;&#x435;&#x432;. &#x440;-&#x43D;&#x430;</subfield>
    <subfield code="n">&#x41E;&#x442;&#x434;. &#x43E;&#x431;&#x440;&#x430;&#x437;&#x43E;&#x432;&#x430;&#x43D;&#x438;&#x44F; &#x430;&#x434;&#x43C;&#x438;&#x43D;&#x438;&#x441;&#x442;&#x440;&#x430;&#x446;&#x438;&#x438; &#x411;&#x435;&#x43B;&#x435;&#x431;&#x435;&#x435;&#x432;. &#x440;-&#x43D;&#x430; &#x438; &#x433;. &#x411;&#x435;&#x43B;&#x435;&#x431;&#x435;&#x44F;</subfield>
    <subfield code="o">(&#x421;&#x431;. &#x441;&#x442;&#x438;&#x445;&#x43E;&#x432; &#x443;&#x447;&#x430;&#x449;&#x438;&#x445;&#x441;&#x44F;)</subfield>
    <subfield code="t">&#x41F;&#x440;&#x43E;&#x431;&#x430; &#x43F;&#x435;&#x440;&#x430;</subfield>
    <subfield code="v">&#x412;&#x44B;&#x43F;. 8</subfield>
  </datafield>
  <datafield tag="711" ind1="1" ind2="2">
    <subfield code="a">"&#x420;&#x43E;&#x434;&#x43D;&#x438;&#x43A;&#x438; &#x432;&#x434;&#x43E;&#x445;&#x43D;&#x43E;&#x432;&#x435;&#x43D;&#x438;&#x44F; - 2007", &#x431;&#x430;&#x448;&#x43A;&#x438;&#x440;&#x441;&#x43A;&#x438;&#x439; &#x440;&#x435;&#x441;&#x43F;&#x443;&#x431;&#x43B;&#x438;&#x43A;&#x430;&#x43D;&#x441;&#x43A;&#x438;&#x439; &#x444;&#x435;&#x441;&#x442;&#x438;&#x432;&#x430;&#x43B;&#x44C; &#x43F;&#x43E;&#x44D;&#x437;&#x438;&#x438;</subfield>
    <subfield code="e">&#x411;&#x435;&#x43B;&#x435;&#x431;&#x435;&#x439;</subfield>
    <subfield code="3">RU\NLR\AUTH\8810101394</subfield>
    <subfield code="9">703711</subfield>
  </datafield>
  <datafield tag="712" ind1="0" ind2="1">
    <subfield code="4">570</subfield>
    <subfield code="a">&#x411;&#x435;&#x43B;&#x435;&#x431;&#x435;&#x435;&#x432;&#x441;&#x43A;&#x438;&#x439; &#x440;&#x430;&#x439;&#x43E;&#x43D;</subfield>
    <subfield code="c">&#x420;&#x435;&#x441;&#x43F;&#x443;&#x431;&#x43B;&#x438;&#x43A;&#x430; &#x411;&#x430;&#x448;&#x43A;&#x43E;&#x440;&#x442;&#x43E;&#x441;&#x442;&#x430;&#x43D;</subfield>
    <subfield code="b">&#x410;&#x434;&#x43C;&#x438;&#x43D;&#x438;&#x441;&#x442;&#x440;&#x430;&#x446;&#x438;&#x44F;</subfield>
    <subfield code="3">RU\NLR\AUTH\8810085688</subfield>
    <subfield code="9">673271</subfield>
  </datafield>
  <datafield tag="801" ind1=" " ind2="0">
    <subfield code="a">RU</subfield>
    <subfield code="b">NLR</subfield>
    <subfield code="c">20070604</subfield>
    <subfield code="g">RCR</subfield>
  </datafield>
  <datafield tag="801" ind1=" " ind2="1">
    <subfield code="a">RU</subfield>
    <subfield code="b">NLR</subfield>
    <subfield code="c">20070604</subfield>
  </datafield>
  <datafield tag="942" ind1=" " ind2=" ">
    <subfield code="c">BOOK</subfield>
  </datafield>
  <datafield tag="980" ind1=" " ind2=" ">
    <subfield code="a">NB</subfield>
  </datafield>
  <datafield tag="995" ind1=" " ind2=" ">
    <subfield code="5">2007-06-04</subfield>
    <subfield code="a">ad</subfield>
    <subfield code="b">NLR01</subfield>
    <subfield code="c">NLR01</subfield>
    <subfield code="e">RF3</subfield>
    <subfield code="f">2447884</subfield>
    <subfield code="k">2004-4/12302</subfield>
    <subfield code="o">0</subfield>
    <subfield code="r">BOOK</subfield>
    <subfield code="s">2004412302_</subfield>
  </datafield>
  <datafield tag="995" ind1=" " ind2=" ">
    <subfield code="5">2007-06-04</subfield>
    <subfield code="a">ad</subfield>
    <subfield code="b">NLR01</subfield>
    <subfield code="c">NLR01</subfield>
    <subfield code="e">RF3</subfield>
    <subfield code="f">2447885</subfield>
    <subfield code="k">2004-4/12302</subfield>
    <subfield code="o">0</subfield>
    <subfield code="r">BOOK</subfield>
    <subfield code="s">2004412302_</subfield>
  </datafield>
</record>
